The New physics / (Record no. 3765)

MARC details
000 -LEADER
fixed length control field 00919pam a2200265 a 4500
001 - CONTROL NUMBER
control field 1478354
003 - CONTROL NUMBER IDENTIFIER
control field OSt
005 - DATE AND TIME OF LATEST TRANSACTION
control field 20160426135544.0
008 - FIXED-LENGTH DATA ELEMENTS--GENERAL INFORMATION
fixed length control field 870901s1989 enka b 001 0 eng
010 ## - LIBRARY OF CONGRESS CONTROL NUMBER
LC control number 87024624
020 ## - INTERNATIONAL STANDARD BOOK NUMBER
International Standard Book Number 0521304202
040 ## - CATALOGING SOURCE
Original cataloging agency DLC
Transcribing agency DLC
Modifying agency DLC
050 00 - LIBRARY OF CONGRESS CALL NUMBER
Classification number QC21.2
Item number .N49 1989
082 00 - DEWEY DECIMAL CLASSIFICATION NUMBER
Classification number 530
Edition number 19
Item number THE 2000
245 04 - TITLE STATEMENT
Title The New physics /
Statement of responsibility, etc. edited by Paul Davies.
260 ## - PUBLICATION, DISTRIBUTION, ETC. (IMPRINT)
Place of publication, distribution, etc. Cambridge [Cambridgeshire] ;
-- New York :
Name of publisher, distributor, etc. Cambridge University Press,
Date of publication, distribution, etc. 2000.
300 ## - PHYSICAL DESCRIPTION
Extent 516 p. :
Other physical details col.ill;
Dimensions 26 cm.
504 ## - BIBLIOGRAPHY, ETC. NOTE
Bibliography, etc Includes bibliographical references and index.
650 #0 - SUBJECT ADDED ENTRY--TOPICAL TERM
Topical term or geographic name as entry element Physics.
9 (RLIN) 809
700 1# - ADDED ENTRY--PERSONAL NAME
Personal name Davies, P. C. W.
9 (RLIN) 8295
856 42 - ELECTRONIC LOCATION AND ACCESS
Materials specified Publisher description
Uniform Resource Identifier http://www.loc.gov/catdir/description/cam032/87024624.html
856 41 - ELECTRONIC LOCATION AND ACCESS
Materials specified Table of contents
Uniform Resource Identifier http://www.loc.gov/catdir/toc/cam032/87024624.html
906 ## - LOCAL DATA ELEMENT F, LDF (RLIN)
a 7
b cbc
c orignew
d 1
e ocip
f 19
g y-gencatlg
942 ## - ADDED ENTRY ELEMENTS (KOHA)
Source of classification or shelving scheme Dewey Decimal Classification
Koha item type Short Loan
Holdings
Withdrawn status Lost status Source of classification or shelving scheme Damaged status Not for loan Home library Current library Date acquired Inventory number Total Checkouts Full call number Barcode Date last seen Price effective from Koha item type
    Dewey Decimal Classification     MUST Main Library MUST Main Library 26/04/2016 2002/17886   530 THE 2000 2016-1365 26/04/2016 26/04/2016 Short Loan
    Dewey Decimal Classification     MUST Main Library MUST Main Library 26/04/2016 1999/13190   530 THE 2000 2016-1366 26/04/2016 26/04/2016 Short Loan